000 00585nam a22001817a 4500
003 BD-DhUL
005 20210902100246.0
008 181017s1926 ii ||||| |||| 00| 0 urd d
040 _aBD-DhUL
_cBD-DhUL
082 _a891.431
_bRAI
100 3 0 _aرنگین، سعادت یار خان۔
245 1 0 _aانتخاب سخن :
_bجلد ۱ /
_cسعادت یار خان رنگین۔
246 _aIntekhab-e sakhan : vol. 1
260 _aکانپور :
_bاحمد المطابع واقع،
_c۱۹۲۶۔
300 _aص۔ ۳۱ ؛
_c ۲۳ سم۔
650 4 _aUrdu poetry.
942 _2ddc
_cBK
999 _c247499
_d247499